Reliability and life-cycle analysis of deteriorating systems /

Bibliographic Details
Main Authors: Sánchez-Silva, Mauricio (Author), Klutke, Georgia-Ann, 1954- (Author)
Corporate Author: Ebook Library
Format: eBook
Language:English
Published: Cham ; New York : Springer, [2016]
Series:Springer series in reliability engineering.
Subjects:
Online Access:Connect to the full text of this electronic book

MARC

Tag First Indicator Second Indicator Subfields
LEADER 00000cam a22000001i 4500
001 in00003607313
006 m |o d |
007 cr |n|||||||||
008 160108s2016 sz a ob 001 0 eng d
005 20250816203658.6
020 |a 9783319209463 (electronic bk.) 
020 |a 3319209469 (electronic bk.) 
020 |z 3319209450 
020 |z 9783319209456 
024 8 |a 99965957480 
035 |a (NhCcYBP)ebl4179378 
040 |a NhCcYBP  |c NhCcYBP  |d UtOrBLW 
050 4 |a TA169  |b .S26 2016 
072 7 |a TEC  |x 009000  |2 bisacsh 
072 7 |a TEC  |x 035000  |2 bisacsh 
082 0 4 |a 620/.00452  |2 23 
100 1 |a Sánchez-Silva, Mauricio,  |e author.  |0 http://id.loc.gov/authorities/names/no2010010214 
245 1 0 |a Reliability and life-cycle analysis of deteriorating systems /  |c Mauricio Sánchez-Silva, Georgia-Ann Klutke. 
264 1 |a Cham ;  |a New York :  |b Springer,  |c [2016] 
300 |a 1 online resource. 
336 |a text  |b txt  |2 rdacontent 
337 |a computer  |b c  |2 rdamedia 
338 |a online resource  |b cr  |2 rdacarrier 
490 1 |a Springer series in reliability engineering 
504 |a Includes bibliographical references and index. 
505 0 |a Engineering decisions for long term performance of systems -- Reliability of engineered systems -- Basics of stochastic processes, point and marked point processes -- Degradation: data analysis and analytical modeling -- Continuous state degradation models -- Discrete state degradation models -- A generalized approach to degradation -- Systematically reconstructed systems. 
588 |a Description based on print version record. 
500 |a Electronic resource. 
650 0 |a Reliability (Engineering)  |x Mathematical models.  |0 http://id.loc.gov/authorities/subjects/sh2010110623 
650 0 |a Service life (Engineering)  |x Mathematical models. 
650 0 |a Materials  |x Deterioration  |x Mathematical models. 
655 7 |a Electronic books.  |2 local 
700 1 |a Klutke, Georgia-Ann,  |d 1954-  |e author.  |0 http://id.loc.gov/authorities/names/n89665288 
710 2 |a Ebook Library.  |0 http://id.loc.gov/authorities/names/no2011007422 
776 1 8 |c Original  |z 3319209450  |z 9783319209456 
830 0 |a Springer series in reliability engineering.  |0 http://id.loc.gov/authorities/names/n2005071320 
856 4 0 |u https://ebookcentral.proquest.com/lib/tamucs/detail.action?docID=4179378  |y Connect to the full text of this electronic book  |t 0 
955 |a YBP purchased firm e-records 
980 |b 179.00  |g 1 
987 |a ybp12725023 
999 f f |s 71ff33d6-e264-3ba2-ab1e-45bf756902c7  |i 5cc1f50c-b46e-352b-8afe-75143cdd81d5  |t 0 
952 f f |a Texas A&M University  |b College Station  |c Electronic Resources  |d Available Online  |t 0  |e TA169 .S26 2016  |h Library of Congress classification 
998 f f |a TA169 .S26 2016  |t 0  |l Available Online